000 01148cam a22003257a 4500
003 CHAP
005 20220329141726.0
008 971013s1990 r 00010 d
010 _a72850
011 _a73822
035 _a83380
040 _cCHAP
090 _aTesis
100 0 0 _aCruz Hernández, Odón.
_929433
245 0 _aDiseño, construcción y prueba de una niveladora de tracción animal para el pequeño productor de hortalizas
260 _aChapingo, Méx. :
_bEl autor,
_c1990
300 _a127 h.
_b: ilus.
_e+ anexo
502 _aTesis (Ing. Agr. Esp. en Maquinaria Agrícola) -- UACH. Departamento de Maquinaria Agrícola
590 _aALEPH
_b10
_c20130110
_lUCH01
_h1414
590 _aBATCH-UPD
_b10
_c20130110
_lUCH01
_h0835
590 _aBATCH-UPD
_b10
_c20130410
_lUCH01
_h0513
590 _aBATCH-UPD
_b10
_c20130914
_lUCH01
_h1623
590 _aCONVERSION
_b10
_c20130109
_lUCH01
_h1340
650 1 4 _aHorticultura
_xMaquinaria.
_956352
650 1 4 _aMaquinaria agrícola
_xDiseño.
_971168
700 0 _aHernández Taboada, Juán.
_954655
901 _aBK
942 _cTESIS
949 _bBC
_cTES
_d-37919
_eTS1
_h30110
_i83380
_si
999 _c72850
_d72850